Les 10 sports les plus populaires au monde - Statistiques

Statistiques générales
  • Ce quiz a été pris 353 fois
    255 depuis la dernière actualisation
  • Le résultat moyen est 6 sur 10
Statistiques - réponses
Nb de supporters Sport % Correct
3,5 milliards Football
100%
800 millions Basket-ball
93%
1 milliard Tennis
83%
475 millions Rugby
77%
500 millions Base-ball
54%
900 millions Volley-ball
54%
400 millions Golf
48%
2,5 milliards Cricket
46%
2 milliards Hockey
43%
850 millions Tennis de table
40%
Aucun quiz correspondant
Distribution des résultats
% des personnes avec chaque résultat
Percentile par nombre de réponses
Votre historique - résultats
Vous n’avez pas pris ce quiz depuis la dernière actualisation